000 00581nam a2200193Ia 4500
001 55990
008 130102n1972 ii |||gr||||Z||||||465
020 _a9788120800427
082 _a330.954
245 0 _aThe Kautiliiya Arthasastra :
_bTranslation with Critical and Explanatory Notes /
_cR.P.Kangle .
_hTextual Documents
250 _a2nd ed.
260 _aDelhi
_bMotilal Banarsidass Publishers
_c1972
300 _a519pg:
_c23cm.
653 _aSanskrit
653 _aDeptt- Sanskrit
653 _aKautiliiya- Arthasastra
700 _aKangle , R.P.,
_eAuhor.
942 _2ddc
_cBK
999 _c55914
_d55914